संभाषणचतुर कसे व्हावे ?. (Record no. 788303)

MARC details
000 -LEADER
fixed length control field 00676nam a2200181Ia 4500
008 - FIXED-LENGTH DATA ELEMENTS--GENERAL INFORMATION
fixed length control field 100921s9999 xx 000 0 und d
082 ## - DEWEY DECIMAL CLASSIFICATION NUMBER
Item number 39190
Classification number 808.5 0
100 ## - MAIN ENTRY--PERSONAL NAME
Personal name रघुवंशी रमेश.
245 ## - TITLE STATEMENT
Title संभाषणचतुर कसे व्हावे ?.
260 ## - PUBLICATION, DISTRIBUTION, ETC. (IMPRINT)
Name of publisher, distributor, etc रघुवंशी प्रकाशन, पुणे.
Date of publication, distribution, etc 0
300 ## - PHYSICAL DESCRIPTION
Extent 66
Other physical details ---
365 ## - TRADE PRICE
Price amount 21
520 ## - SUMMARY, ETC.
Summary, etc ललित-भाषणकला.
630 ## - SUBJECT ADDED ENTRY--UNIFORM TITLE
Uniform title संभाषणचतुर कसे व्हावे ?.
650 ## - SUBJECT ADDED ENTRY--TOPICAL TERM
Topical term or geographic name as entry element ललित-भाषणकला.
730 ## - ADDED ENTRY--UNIFORM TITLE
Uniform title संभाषणचतुर कसे व्हावे ?.
942 ## - ADDED ENTRY ELEMENTS (KOHA)
Koha item type Book
Holdings
Withdrawn status Lost status Damaged status Not for loan Home library Current library Shelving location Date acquired Cost, normal purchase price Total Checkouts Barcode Date last seen Price effective from Koha item type Public note
        Lo. Tilak Granthasangrahalaya, Wai Lo. Tilak Granthasangrahalaya, Wai     21.00   WAITILAKGS-39190 09/21/2010 09/21/2010 Book देवघेव